| 000 | 00402nam a2200145Ia 4500 | ||
|---|---|---|---|
| 008 | 240729s9999 xx 000 0 und d | ||
| 022 | _a0972-5997 | ||
| 245 | 0 | _aOnline Journal of Health & Allied Sciences | |
| 260 | _aIndia | ||
| 260 | _bLight House Polyclinic Mangalore | ||
| 650 | _aMedicine | ||
| 856 | _uhttps://doaj.org/toc/6456ef3e09504a09a10bef243b7f3303 | ||
| 942 | _2ddc | ||
| 942 | _cDOAJEJ | ||
| 999 |
_c65621 _d65621 |
||
| 945 |
_a1 _bMadushi Gamage _c1 _dMadushi Gamage |
||